[Event "English Open 2025"]
[Site "Kenilworth ENG"]
[Date "2025.07.19"]
[Round "3.8"]
[White "Emms, John M"]
[Black "Khoury, Theo"]
[Result "1-0"]
[WhiteTitle "GM"]
[BlackTitle "CM"]
[WhiteElo "2417"]
[BlackElo "2229"]
[WhiteFideId "400254"]
[BlackFideId "480703"]
[EventDate "2025.07.18"]

1. d4 d5 2. c4 e6 3. Nc3 Nf6 4. cxd5 exd5 5. Bg5 c6 6. e3 h6 7. Bh4 Be7 8. Bd3
O-O 9. Bg3 Re8 10. Nf3 Nh5 11. Be5 Bd6 12. h3 Nf6 13. O-O Qe7 14. Bxd6 Qxd6 15.
Qc2 Nbd7 16. Rab1 Qe7 17. b4 a6 18. a4 Nb6 19. Ne5 Bd7 20. Rfc1 Nc8 21. b5 cxb5
22. axb5 a5 23. b6 Nd6 24. Qa2 Be6 25. Nb5 Nxb5 26. Rxb5 Rec8 27. Rxc8+ Rxc8 28.
Rxa5 Qd6 29. Ra8 Qxb6 30. Rxc8+ Bxc8 31. Qa8 Qe6 32. g4 Qe8 33. Qb8 g6 34. Qc7
Nh7 35. Nxf7 Qxf7 36. Qxc8+ Kg7 37. h4 Nf6 38. Kg2 h5 39. gxh5 Nxh5 40. Qg4 Qe8
41. Qg5 Nf6 42. h5 Nxh5 43. Qxd5 Qe7 44. Qe5+ Qxe5 45. dxe5 Kf7 46. f4 Ng7 47.
Kf3 Ne8 48. Kg4 Nc7 49. Kg5 Ne6+ 50. Kh6 Nf8 51. Bc4+ Ke7 52. Kg7 b6 53. e4 b5
54. Bb3 Ne6+ 55. Bxe6 Kxe6 56. Kxg6 b4 57. f5+ Kxe5 58. f6 b3 59. f7 b2 60. f8=Q
b1=Q 61. Qf5+ Kd4 62. e5 Qg1+ 63. Kf7 Qa1 64. e6 Qa2 65. Kg7 Qa3 66. Qg5 Ke4 67.
e7 Qc3+ 68. Qf6 Qc7 69. Kf8 Qc5 70. Qe6+ Kd3 71. Kf7 Qc7 72. Kf6 Qc3+ 73. Kf5
Qc5+ 74. Qe5 Qc8+ 75. Kg6 Qg8+ 76. Kh6 Qe8 77. Qd6+ Ke2 78. Kg7 Kf3 79. Qd8 1-0

[Event "English Open 2025"]
[Site "Kenilworth ENG"]
[Date "2025.07.19"]
[Round "3.9"]
[White "Burrows, Martin P"]
[Black "Hebden, Mark L"]
[Result "1-0"]
[BlackTitle "GM"]
[WhiteElo "2057"]
[BlackElo "2355"]
[WhiteFideId "409057"]
[BlackFideId "400084"]
[EventDate "2025.07.18"]

1. e4 e5 2. Nf3 Nc6 3. Bb5 a6 4. Ba4 Nf6 5. O-O Be7 6. Re1 b5 7. Bb3 O-O 8. h3
Bb7 9. d3 d6 10. a3 Nd7 11. Nc3 Nc5 12. Bd5 Rb8 13. Ne2 Bf6 14. Ng3 g6 15. Bh6
Re8 16. Qd2 Ne6 17. c3 Ne7 18. Ba2 c5 19. Nh2 Kh8 20. Ng4 Ng8 21. Nxf6 Qxf6 22.
Be3 h5 23. Ne2 Rbd8 24. Bd5 Qe7 25. c4 Nf6 26. Nc3 bxc4 27. dxc4 Nxd5 28. Nxd5
Qh4 29. f3 Bxd5 30. Qxd5 f5 31. b4 fxe4 32. fxe4 Nf4 33. Bxf4 exf4 34. Rf1 Qf6
35. Rad1 cxb4 36. axb4 g5 37. Ra1 Re5 38. Qd1 g4 39. hxg4 Rxe4 40. gxh5 Rg8 41.
Rf2 Rxc4 42. Rxa6 Rd4 43. Qa1 Qe5 44. b5 Kh7 45. Qf1 Qxh5 46. Ra1 Rg4 47. Qe2
Qg5 48. Qe6 Qg7 49. Qf5+ Kh6 50. Re1 Rg6 51. Qh3+ Kg5 52. b6 Rb4 53. Rd2 Qb7 54.
Red1 Qxb6+ 55. Kf1 Rb1 56. Rd5+ Kf6 57. Rxd6+ Qxd6 58. Rxb1 Qc5 59. Qh8+ Kg5 60.
Qd8+ Kh6 61. Qh4+ Kg7 62. Rb7+ Kg8 63. Qh7+ Kf8 64. Qf7# 1-0

[Event "English Open 2025"]
[Site "Kenilworth ENG"]
[Date "2025.07.19"]
[Round "3.10"]
[White "Larkin, Benjamin"]
[Black "Richardson, John R"]
[Result "0-1"]
[BlackTitle "FM"]
[WhiteElo "2029"]
[BlackElo "2270"]
[WhiteFideId "479977"]
[BlackFideId "401617"]
[EventDate "2025.07.18"]

1. e4 d5 2. exd5 Qxd5 3. h3 Nf6 4. Nf3 Bf5 5. Nc3 Qa5 6. Be2 e5 7. d4 Nc6 8.
dxe5 Rd8 9. Bd3 Bxd3 10. cxd3 Nd5 11. O-O Nxc3 12. bxc3 Qxc3 13. Rb1 Bc5 14. Rb3
Qa5 15. Qe2 O-O 16. Be3 Bb6 17. Qb2 Qd5 18. Rd1 Rfe8 19. Bxb6 axb6 20. Rb5 Qe6
21. d4 Ne7 22. Nd2 Nd5 23. Nb1 c6 24. Rb3 b5 25. Nc3 Nxc3 26. Rxc3 Ra8 27. Rd2
Ra4 28. d5 Qxe5 29. dxc6 Re4 30. f3 Re1+ 31. Kf2 Rf1+ 0-1

[Event "English Open 2025"]
[Site "Kenilworth ENG"]
[Date "2025.07.19"]
[Round "3.11"]
[White "Merriman, John"]
[Black "Bevis, Noah"]
[Result "1-0"]
[WhiteTitle "FM"]
[WhiteElo "2194"]
[BlackElo "1934"]
[WhiteFideId "402362"]
[BlackFideId "343434630"]
[EventDate "2025.07.18"]

1. d4 Nf6 2. c4 g6 3. f3 Bg7 4. e4 d6 5. Nc3 O-O 6. Bg5 c5 7. d5 e6 8. Qd2 h6 9.
Be3 exd5 10. cxd5 a6 11. a4 Re8 12. Nge2 Nbd7 13. Nd1 Ne5 14. Nec3 Nh5 15. Be2
Qf6 16. f4 Ng4 17. Bxg4 Bxg4 18. Nf2 Qh4 19. O-O Nf6 20. Rab1 Rac8 21. Rfe1 Bd7
22. h3 b5 23. axb5 axb5 24. b4 cxb4 25. Rxb4 Rxc3 26. Qxc3 Nxd5 27. Qb3 Nxb4 28.
Qxb4 Bf8 29. Qd4 Qe7 30. Bd2 Bg7 31. Qd3 Bc6 32. Bb4 Rd8 33. e5 Qb7 34. exd6 Qb6
35. Rd1 Bd7 36. Qd2 Be6 37. Ba5 Qb8 38. Bxd8 Qxd8 39. Qb4 Qd7 40. Ne4 Qc6 41.
Nc5 Bd5 42. d7 Bf6 43. Kh2 Bd8 44. Re1 Qf6 45. Re8+ Kh7 46. Nd3 Bc7 47. d8=Q
Bxd8 48. Qf8 1-0

[Event "English Open 2025"]
[Site "Kenilworth ENG"]
[Date "2025.07.19"]
[Round "3.12"]
[White "Rastogi, Nayan Keats"]
[Black "Jones, Steven A"]
[Result "0-1"]
[WhiteElo "1891"]
[BlackElo "2184"]
[WhiteFideId "343407579"]
[BlackFideId "419630"]
[EventDate "2025.07.18"]

1. e4 e5 2. Nf3 Nc6 3. Bb5 a6 4. Ba4 Nf6 5. O-O Be7 6. Re1 b5 7. Bb3 d6 8. c3
O-O 9. h3 Na5 10. Bc2 c5 11. d4 Qc7 12. Nbd2 cxd4 13. cxd4 Nc6 14. a3 exd4 15.
Nb3 Re8 16. Nbxd4 Nxd4 17. Nxd4 Bb7 18. Bf4 Bf8 19. Rc1 Qb6 20. Be3 Qd8 21. Bg5
h6 22. Bh4 g5 23. Bg3 Nxe4 24. Qg4 Nxg3 25. Qxg3 Qf6 26. Qd3 Bg7 27. Nf5 d5 28.
b4 Qc3 29. Nxh6+ Kf8 30. Qxc3 Bxc3 31. Rxe8+ Rxe8 32. Rd1 Re2 33. Bb3 Re1+ 34.
Rxe1 Bxe1 35. Nf5 Bc3 36. f3 Bc6 37. Ne3 d4 38. Nd1 Bd2 39. Kf2 Bc1 40. Ke2 Bxa3
41. Kd3 Bxb4 42. Kxd4 a5 43. Nb2 Bd6 44. Bd5 Bxd5 45. Kxd5 a4 46. Nd3 Be7 47.
Kc6 b4 48. Kb5 a3 49. Nc1 Kg7 50. Kc4 Kg6 51. Kb3 Kh5 52. g3 Bd6 53. Ne2 f6 54.
Ka2 Bc5 55. Kb3 Be3 56. Ka2 Kg6 57. Kb3 Kf5 58. Ka2 Ke5 59. Kb3 f5 60. Ka2 f4
61. g4 Kd5 62. Kb3 Kc5 63. Ka2 Kc4 0-1

[Event "English Open 2025"]
[Site "Kenilworth ENG"]
[Date "2025.07.19"]
[Round "3.13"]
[White "Carroll, Thomas"]
[Black "Mesropyan, Hayk"]
[Result "1-0"]
[WhiteElo "2124"]
[BlackElo "1892"]
[WhiteFideId "450111"]
[BlackFideId "499455"]
[EventDate "2025.07.18"]

1. d4 d5 2. c4 e6 3. Nc3 Nf6 4. cxd5 exd5 5. Bg5 c6 6. e3 Be7 7. Bd3 h6 8. Bh4
O-O 9. Nge2 Ne4 10. Bxe7 Qxe7 11. Bxe4 dxe4 12. Qc2 Bf5 13. O-O Na6 14. a3 Rac8
15. Rfd1 Rfe8 16. Rac1 g5 17. b4 Nc7 18. h3 b5 19. Ng3 Qe6 20. Qe2 Rcd8 21. Nxf5
Qxf5 22. Nb1 Rd6 23. Rc5 Qd7 24. Qg4 Qxg4 25. hxg4 a5 26. bxa5 Ra8 27. Rdc1 Ra6
28. Kh2 Nd5 29. Kg3 Kg7 30. Nd2 Rxa5 31. Nc4 bxc4 32. Rxa5 c3 33. Rc5 Kg6 34. a4
h5 35. gxh5+ Kxh5 36. a5 f5 37. Re1 f4+ 38. exf4 gxf4+ 39. Kh2 Re6 40. a6 e3 41.
fxe3 fxe3 42. a7 Re8 43. Rxc6 Kg4 44. Rc5 Rh8+ 45. Kg1 Nf4 46. Rxe3 Ra8 47. Re7
Rd8 48. Rxc3 Nh5 49. Ra3 1-0

[Event "English Open 2025"]
[Site "Kenilworth ENG"]
[Date "2025.07.19"]
[Round "3.14"]
[White "Watson, Jacob"]
[Black "Merriman, James"]
[Result "0-1"]
[WhiteElo "1918"]
[BlackElo "2048"]
[WhiteFideId "445037"]
[BlackFideId "452270"]
[EventDate "2025.07.18"]

1. Nf3 Nf6 2. b3 d5 3. Bb2 e6 4. e3 Be7 5. d4 O-O 6. Bd3 c5 7. O-O b6 8. Nbd2
Ba6 9. Bxa6 Nxa6 10. Ne5 Rc8 11. c4 cxd4 12. Bxd4 Nb4 13. a3 Nc6 14. Nxc6 Rxc6
15. Nf3 dxc4 16. Ne5 Rc8 17. bxc4 Qc7 18. Qb3 Bd6 19. Qb2 Ne4 20. Ng4 f6 21. f3
h5 22. Nh6+ gxh6 23. fxe4 e5 24. c5 Bxc5 25. Bxc5 bxc5 26. Qe2 Qf7 27. Rf5 c4
28. Rxh5 Kh7 29. Rh3 c3 30. Rc1 Rc7 31. Qe1 c2 32. Qh4 h5 33. Qg4 Kh6 34. Qe2
Rfc8 35. Kh1 Rb7 36. Rf3 Rb1 37. Rff1 Rxc1 38. Rxc1 Qb7 39. Qf1 Kg7 40. Qd3 Qb2
41. Qd2 Rd8 0-1

[Event "English Open 2025"]
[Site "Kenilworth ENG"]
[Date "2025.07.19"]
[Round "3.15"]
[White "Norris, Zack"]
[Black "Ghasi, Ameet K"]
[Result "0-1"]
[BlackTitle "GM"]
[WhiteElo "2032"]
[BlackElo "2511"]
[WhiteFideId "343431216"]
[BlackFideId "409200"]
[EventDate "2025.07.18"]

1. c4 g6 2. Nc3 Bg7 3. g3 Nf6 4. e4 O-O 5. Bg2 c5 6. Nge2 Nc6 7. O-O a6 8. a3
Rb8 9. Rb1 b5 10. cxb5 axb5 11. b4 c4 12. d3 cxd3 13. Qxd3 Ne5 14. Qc2 d6 15.
Nd4 Qc7 16. Qb3 Bd7 17. Bg5 e6 18. Rbc1 Qb6 19. Rfd1 h6 20. Be3 Nfg4 21. Nf5
Nxe3 22. Nxe3 Rfc8 23. Ne2 h5 24. Kh1 Ng4 25. Nxg4 hxg4 26. Kg1 Be5 27. Rxc8+
Rxc8 28. Rc1 Ra8 29. Nc3 Bc6 30. Nd1 Bd4 31. Ne3 Bxe3 32. Qxe3 Qxe3 33. fxe3 Ra6
34. Kf2 Kg7 35. Ke2 f5 36. Rc3 Bxe4 37. Bf1 Kf6 38. Kd2 Rb6 39. Be2 Rb8 40. Ke1
g5 41. Rc7 Ke5 42. Bf1 f4 43. exf4+ gxf4 44. gxf4+ Kxf4 45. Kf2 d5 46. Rc5 Ra8
47. Rc3 d4 48. Rg3 Bf3 49. Bxb5 Rxa3 50. Bc4 e5 51. h3 e4 52. Rxg4+ Bxg4 53.
hxg4 d3 54. g5 e3+ 55. Kg2 e2 56. Kf2 Ra1 0-1

[Event "English Open 2025"]
[Site "Kenilworth ENG"]
[Date "2025.07.19"]
[Round "3.16"]
[White "Verbytski, Oleg"]
[Black "Jackson, James P"]
[Result "0-1"]
[BlackTitle "IM"]
[WhiteElo "1998"]
[BlackElo "2371"]
[WhiteFideId "495506"]
[BlackFideId "416860"]
[EventDate "2025.07.18"]

1. e4 e5 2. Nf3 Nc6 3. Bc4 Nf6 4. d3 Bc5 5. c3 d6 6. a4 a6 7. O-O h6 8. Re1 O-O
9. h3 Bb6 10. Be3 Bxe3 11. fxe3 Ne7 12. Nbd2 Ng6 13. Nf1 c6 14. Ng3 d5 15. exd5
cxd5 16. Ba2 Qc7 17. Nf1 e4 18. Nd4 Re8 19. dxe4 dxe4 20. Nd2 Bxh3 21. gxh3 Qg3+
22. Kh1 Qxh3+ 23. Kg1 Re5 0-1

[Event "English Open 2025"]
[Site "Kenilworth ENG"]
[Date "2025.07.19"]
[Round "3.17"]
[White "Bates, Richard A"]
[Black "Okhai, Shabir"]
[Result "1-0"]
[WhiteTitle "IM"]
[WhiteElo "2292"]
[BlackElo "2089"]
[WhiteFideId "403555"]
[BlackFideId "445134"]
[EventDate "2025.07.18"]

1. d4 Nf6 2. Nf3 e6 3. c4 c5 4. d5 d6 5. Nc3 exd5 6. cxd5 g6 7. h3 Bg7 8. Bf4 a6
9. a4 O-O 10. e3 Ne8 11. Be2 b6 12. O-O Nd7 13. Qc2 Qe7 14. Nd2 g5 15. Bh2 f5
16. Nc4 Rb8 17. Rab1 Ne5 18. Bxe5 Bxe5 19. b4 Bxc3 20. Qxc3 Qc7 21. bxc5 bxc5
22. Qa5 Qxa5 23. Nxa5 Rxb1 24. Rxb1 Bd7 25. Bd1 f4 26. e4 Nf6 27. f3 Kf7 28. Nc4
Ke7 29. Rb6 h5 30. Rxd6 g4 31. e5 Ne8 32. Rh6 Bf5 33. hxg4 hxg4 34. fxg4 Bd3 35.
d6+ Kd8 36. e6 Rf6 37. Rxf6 Nxf6 38. Ne5 1-0

[Event "English Open 2025"]
[Site "Kenilworth ENG"]
[Date "2025.07.19"]
[Round "3.18"]
[White "Fellowes, Billy"]
[Black "Yu, Rock"]
[Result "0-1"]
[WhiteTitle "CM"]
[WhiteElo "2193"]
[BlackElo "2099"]
[WhiteFideId "483540"]
[BlackFideId "489000"]
[EventDate "2025.07.18"]

1. Nf3 Nf6 2. g3 b5 3. Bg2 Bb7 4. O-O c5 5. d3 e6 6. e4 d5 7. e5 Nfd7 8. Re1 Nc6
9. Bf4 Be7 10. h4 Qb6 11. Nbd2 O-O 12. Nf1 Rae8 13. Bh3 Nd8 14. h5 f5 15. exf6
Bxf6 16. c3 d4 17. cxd4 cxd4 18. N1d2 Nc5 19. Ne4 Nxe4 20. dxe4 e5 21. Bd2 Nf7
22. Bb4 Be7 23. Bxe7 Rxe7 24. Bg2 Nd6 25. Qd3 Bc8 26. h6 g6 27. Rac1 Bg4 28. Nh2
Be6 29. Nf3 Bc4 30. Qd2 Bxa2 31. Qg5 Rfe8 32. Nh4 Nf7 33. Qd2 Be6 34. Rc2 Bb3
35. Rcc1 a5 36. Bf1 Re6 37. Bh3 Rf6 38. Bf1 Rf8 39. Bd3 Nd6 40. f4 Nc4 41. Bxc4+
Bxc4 42. f5 Kh8 43. g4 g5 44. Nf3 Qd6 45. Kg2 Re8 46. Rh1 a4 47. Qxg5 Rg8 48.
Qh4 d3 49. g5 Rff8 50. Rcd1 Qc5 51. Qg3 Re8 52. g6 hxg6 53. fxg6 Rxg6 54. Qxg6
Rg8 55. Qxg8+ Kxg8 56. b3 axb3 57. Ra1 Qc6 58. h7+ Kh8 59. Ng5 d2 60. Ra7 Qc8
61. Kg3 Qf8 62. Kg2 Qd8 63. Kf2 Qd4+ 64. Kf3 Qxa7 0-1

[Event "English Open 2025"]
[Site "Kenilworth ENG"]
[Date "2025.07.19"]
[Round "3.19"]
[White "James, Russell A"]
[Black "Dishman, Stephen"]
[Result "1/2-1/2"]
[BlackTitle "FM"]
[WhiteElo "2097"]
[BlackElo "2274"]
[WhiteFideId "407070"]
[BlackFideId "403024"]
[EventDate "2025.07.18"]

1. Nf3 d5 2. c4 c6 3. g3 Bg4 4. Ne5 Be6 5. d3 dxc4 6. Nxc4 Bd5 7. f3 g6 8. Nc3
Bg7 9. Bd2 Nd7 10. Ne3 Ngf6 11. Bg2 h5 12. Qa4 Nb6 13. Qc2 e5 14. Ne4 Nxe4 15.
dxe4 Be6 16. O-O h4 17. Rfd1 hxg3 18. hxg3 Qe7 19. a4 a5 20. Kf2 O-O 21. Rh1 Nd7
22. Bh3 Bxh3 23. Rxh3 Qc5 24. Qxc5 Nxc5 25. Bc3 Rfe8 1/2-1/2

[Event "English Open 2025"]
[Site "Kenilworth ENG"]
[Date "2025.07.19"]
[Round "3.20"]
[White "Clarke, James"]
[Black "Murawski, Jan"]
[Result "1/2-1/2"]
[BlackTitle "CM"]
[WhiteElo "1941"]
[BlackElo "2191"]
[WhiteFideId "463140"]
[BlackFideId "21009287"]
[EventDate "2025.07.18"]

1. e4 e5 2. Nf3 Nc6 3. Bb5 a6 4. Ba4 Nf6 5. O-O b5 6. Bb3 Be7 7. Re1 O-O 8. h3
d6 9. c3 Nb8 10. d4 Nbd7 11. Nbd2 Bb7 12. Bc2 Re8 13. Nf1 Bf8 14. Ng3 g6 15. a4
Bg7 16. Bd3 bxa4 17. Rxa4 Nb6 18. Ra1 Nfd7 19. Bg5 Qc8 20. Qd2 d5 21. exd5 Bxd5
22. Nxe5 Nxe5 23. dxe5 Rxe5 24. Rxe5 Bxe5 25. Re1 Bg7 26. Ne4 Bxe4 27. Bxe4 Rb8
28. Bc6 Qf5 29. Re8+ Rxe8 30. Bxe8 Be5 31. g3 Qe6 32. Qd8 Kg7 33. Be7 h5 34. h4
Kh7 35. Bc5 Nc4 36. b3 Nd6 37. Bxd6 cxd6 38. Qd7 Qxd7 39. Bxd7 Bxc3 40. Bc6 Kg7
41. f4 Be1 42. Kg2 a5 43. Kf3 Kf6 44. Bd5 Ke7 45. Kg2 Kf8 46. Kf3 Kg8 47. Kg2
Kg7 48. Kf3 f6 49. Be4 Kf7 50. Bd5+ Kg7 51. Be4 Kh6 52. Bd5 g5 53. hxg5+ fxg5
54. fxg5+ Kxg5 55. Bf7 Bc3 56. Kg2 Bb4 57. Kf3 Be1 58. Kg2 h4 59. gxh4+ Bxh4 60.
Kf3 Kf5 61. Ke3 Ke5 62. Kd3 d5 63. Bg6 Bf6 64. Bf7 Kd6 65. Bg8 Kc5 66. Bf7 d4 1/2-1/2

[Event "English Open 2025"]
[Site "Kenilworth ENG"]
[Date "2025.07.19"]
[Round "3.21"]
[White "Hanache, Kai"]
[Black "Sachdeva, Ronit"]
[Result "1/2-1/2"]
[WhiteElo "2108"]
[BlackElo "2060"]
[WhiteFideId "490105"]
[BlackFideId "343401589"]
[EventDate "2025.07.18"]

1. e4 e5 2. Nf3 Nc6 3. Bb5 Nf6 4. O-O Nxe4 5. Re1 Nd6 6. Bf1 Be7 7. Nxe5 Nxe5 8.
Rxe5 O-O 9. Re1 Re8 10. d4 Bf6 11. Bf4 Rxe1 12. Qxe1 Ne8 13. Nc3 Bxd4 14. Nd5 d6
15. Qe4 Bxb2 16. Bg5 Nf6 17. Nxf6+ gxf6 18. Rb1 fxg5 19. Rxb2 Qf6 20. Rb5 c6 21.
Qe8+ Kg7 22. Rb3 Qe6 23. Qd8 Qf6 24. Qe8 1/2-1/2

[Event "English Open 2025"]
[Site "Kenilworth ENG"]
[Date "2025.07.19"]
[Round "3.22"]
[White "Sasikumar, Srivathsan"]
[Black "Liu, Tianyi (Jack)"]
[Result "1/2-1/2"]
[WhiteElo "2038"]
[BlackElo "2111"]
[WhiteFideId "343401279"]
[BlackFideId "8627894"]
[EventDate "2025.07.18"]

1. e4 c5 2. Nf3 e6 3. d4 cxd4 4. Nxd4 Nc6 5. Nc3 Qc7 6. Be3 a6 7. a3 b5 8. Bd3
Bb7 9. O-O Nf6 10. Qe2 Ne5 11. h3 d6 12. f4 Nxd3 13. cxd3 Be7 14. Rac1 Qb8 15.
Qf2 O-O 16. g4 Nd7 17. g5 Nc5 18. Rcd1 Qd8 19. h4 e5 20. Nf5 exf4 21. Bxf4 Ne6
22. Be3 Qd7 23. d4 f6 24. d5 Nc7 25. Bd4 Ne8 26. Ne2 fxg5 27. hxg5 Rxf5 28. Qxf5
Qxf5 29. Rxf5 Bc8 30. Rf2 Bxg5 31. Rdf1 Nf6 32. Ng3 Bh3 33. Bxf6 Bxf6 34. Rd1
Rc8 35. Nf5 Bxf5 36. exf5 Kf7 37. Kg2 Be5 38. Rdd2 Kf6 39. Rd1 a5 40. Kf3 Rc4
41. Ke3 Rg4 42. Rdd2 h5 43. Rf3 h4 44. Rc2 Rd4 45. Rd2 Rg4 46. b3 Rg5 47. Ke4
Rg4+ 48. Ke3 Rg5 49. Ke4 Rg4+ 50. Ke3 1/2-1/2

[Event "English Open 2025"]
[Site "Kenilworth ENG"]
[Date "2025.07.19"]
[Round "3.23"]
[White "Badacsonyi, Frankie"]
[Black "Mason, Donald J"]
[Result "1-0"]
[WhiteTitle "FM"]
[WhiteElo "2170"]
[BlackElo "2011"]
[WhiteFideId "460400"]
[BlackFideId "405116"]
[EventDate "2025.07.18"]

1. Nf3 Nf6 2. c4 g6 3. Nc3 Bg7 4. e4 d6 5. d4 O-O 6. h3 e5 7. d5 Na6 8. Bg5 Qe8
9. Be2 Kh8 10. g4 Ng8 11. Qd2 Nc5 12. Be3 b6 13. O-O-O Nf6 14. Qc2 Bd7 15. Nd2
c6 16. Rdg1 cxd5 17. exd5 Rc8 18. Bxc5 bxc5 19. g5 Bf5 20. Bd3 Bxd3 21. Qxd3 e4
22. Qe3 Nh5 23. Ndxe4 Be5 24. Qf3 Rb8 25. Re1 Qd8 26. Re2 Rb4 27. Kb1 Rxc4 28.
Rc1 Qb6 29. Rec2 Rb8 30. Nd1 Rb4 31. b3 Qa5 32. Nb2 Nf4 33. Nd2 Rd4 34. Ndc4 Qd8
35. Nxe5 dxe5 36. Rxc5 Rxd5 37. Rxd5 Qxd5 38. Qxd5 Nxd5 39. Rc5 Rd8 40. Nd3 e4
41. Ne5 Kg7 42. Ra5 Nc3+ 43. Kc2 Rd5 44. Rxa7 Nb5 45. Rxf7+ Kg8 46. Re7 Kf8 47.
Nxg6+ hxg6 48. Rxe4 Rxg5 49. a4 Rc5+ 50. Kb2 Nc3 51. Rf4+ Kg7 52. Ka3 Ne2 53.
Re4 Nc1 54. Rc4 Rxc4 55. bxc4 Nd3 56. a5 1-0

[Event "English Open 2025"]
[Site "Kenilworth ENG"]
[Date "2025.07.19"]
[Round "3.24"]
[White "Vaidyanathan, Adithya"]
[Black "Patel, Keatan"]
[Result "1-0"]
[WhiteElo "2094"]
[BlackElo "1990"]
[WhiteFideId "495450"]
[BlackFideId "477613"]
[EventDate "2025.07.18"]

1. d4 d5 2. c4 e6 3. Nc3 Nf6 4. Nf3 c6 5. Bg5 Nbd7 6. e3 Qa5 7. cxd5 Nxd5 8. Qd2
Bb4 9. Rc1 h6 10. Bh4 c5 11. Bd3 b6 12. O-O Ba6 13. Bxa6 Qxa6 14. e4 N5f6 15.
Rfe1 O-O 16. dxc5 bxc5 17. a3 Ba5 18. Bg3 Rfd8 19. Qe2 Qxe2 20. Rxe2 Rac8 21.
Nb5 Bb6 22. h4 a6 23. Nd6 Rc6 24. b4 Ne8 25. Nb7 Rdc8 26. Rec2 f6 27. Nd4 cxd4
28. Rxc6 Rxc6 29. Rxc6 e5 30. Nd6 d3 31. Kf1 Nc7 32. Nc4 Nb5 33. a4 Nd4 34. Rd6
a5 35. Rxd7 axb4 36. Rb7 Ba5 37. Ke1 1-0

[Event "English Open 2025"]
[Site "Kenilworth ENG"]
[Date "2025.07.19"]
[Round "3.25"]
[White "Varley, Joe"]
[Black "Verma, Aditya"]
[Result "0-1"]
[WhiteElo "2023"]
[BlackElo "2092"]
[WhiteFideId "461962"]
[BlackFideId "426202"]
[EventDate "2025.07.18"]

1. e4 c5 2. Nf3 d6 3. Bb5+ Nd7 4. a4 Nf6 5. Nc3 a6 6. Be2 g6 7. O-O Bg7 8. d3
O-O 9. h3 h6 10. Be3 e5 11. Nd2 Nb8 12. a5 Nc6 13. Nc4 Be6 14. Qd2 Kh7 15. Nb6
Ra7 16. Ncd5 Bxd5 17. exd5 Ne7 18. Bf3 Nd7 19. Nc4 f5 20. g3 Nf6 21. Nb6 g5 22.
Qe2 Nd7 23. Nc4 Qc7 24. Rab1 f4 25. Bd2 Kh8 26. gxf4 gxf4 27. Kh2 Nf5 28. c3 Nf6
29. Nb6 Qf7 30. Rg1 Nh7 31. Be4 h5 32. Nc4 Raa8 33. Bxf5 Qxf5 34. Nxd6 Qd7 35.
Ne4 f3 36. Qe3 Qxd5 37. Qxc5 Qxc5 38. Nxc5 Rf7 39. Rbe1 Rd8 40. Be3 Bf8 41. b4
Nf6 42. Rg5 Kh7 43. Ne6 Rxd3 44. Nxf8+ Rxf8 45. Rxe5 Rf7 46. Bd4 Rd2 47. Re7 Kg6
48. R1e5 Rxe7 49. Rxe7 Re2 50. Bxf6 Kxf6 51. Rxb7 h4 52. Rb6+ Ke5 53. Rxa6 Rxf2+
54. Kg1 Ra2 55. Ra8 Kf4 56. a6 Ra1+ 57. Kf2 Ra2+ 58. Ke1 Ra1+ 59. Kd2 f2 60. a7
Ra2+ 0-1

[Event "English Open 2025"]
[Site "Kenilworth ENG"]
[Date "2025.07.19"]
[Round "3.26"]
[White "Zhao, George"]
[Black "Gibson, Christopher A"]
[Result "1-0"]
[WhiteTitle "CM"]
[WhiteElo "2124"]
[BlackElo "1837"]
[WhiteFideId "494607"]
[BlackFideId "414697"]
[EventDate "2025.07.18"]

1. d4 Nf6 2. c4 e6 3. g3 d5 4. Nf3 dxc4 5. Bg2 c5 6. O-O Nc6 7. Qa4 Bd7 8. dxc5
Bxc5 9. Qxc4 Be7 10. Nc3 O-O 11. Rd1 Rc8 12. e4 a6 13. Qd3 Qa5 14. Bd2 Ne5 15.
Nxe5 Qxe5 16. Bf4 Qc5 17. e5 Nd5 18. Nxd5 exd5 19. Rac1 Qb6 20. Rxc8 Rxc8 21.
Bxd5 Bc6 22. Bxf7+ Kh8 23. b3 Bc5 24. Qe2 Rf8 25. e6 Be7 26. Qh5 Be4 27. Be5 Qc5
28. Re1 Qd5 29. Bg6 Bxg6 30. Bxg7+ Kxg7 31. Qxd5 1-0

[Event "English Open 2025"]
[Site "Kenilworth ENG"]
[Date "2025.07.19"]
[Round "3.27"]
[White "Byron, Alan M"]
[Black "Pereslavtsev, Alexandr"]
[Result "1/2-1/2"]
[WhiteElo "2040"]
[BlackElo "2040"]
[WhiteFideId "401773"]
[BlackFideId "343401449"]
[EventDate "2025.07.18"]

1. e4 c5 2. Nf3 e6 3. d4 cxd4 4. Nxd4 a6 5. Bd3 Bc5 6. Nb3 Ba7 7. Qe2 Nc6 8. Be3
d6 9. Nc3 b5 10. a4 b4 11. Nb1 Bxe3 12. Qxe3 Nf6 13. N1d2 O-O 14. O-O Ne5 15. a5
d5 16. Qd4 dxe4 17. Bxe4 Qxd4 18. Nxd4 Nxe4 19. Nxe4 Rd8 20. Rfd1 Rd5 21. b3 Bb7
22. c4 bxc3 23. Nxc3 Rd6 24. Nde2 Rad8 25. Rxd6 Rxd6 26. Rb1 Bc6 27. h3 Kf8 28.
f4 Nd3 29. b4 e5 30. fxe5 Rg6 31. g3 Nxe5 32. b5 axb5 33. a6 Ba8 34. a7 Rf6 35.
Nf4 g5 36. Nfd5 Rf3 37. Rxb5 Rxg3+ 38. Kh2 Rd3 39. Rb8+ Kg7 40. Rxa8 Rd2+ 41.
Kg3 h5 42. h4 gxh4+ 43. Kxh4 Rg2 44. Rg8+ Kxg8 45. a8=Q+ Kg7 46. Qb8 Nf3+ 47.
Kh3 Rg4 48. Ne3 Ng5+ 49. Kh2 Nf3+ 50. Kh3 Ng5+ 1/2-1/2

[Event "English Open 2025"]
[Site "Kenilworth ENG"]
[Date "2025.07.19"]
[Round "3.28"]
[White "De Coverly, Roger D"]
[Black "Elgar, Tim"]
[Result "0-1"]
[WhiteElo "1956"]
[BlackElo "2093"]
[WhiteFideId "405213"]
[BlackFideId "343413285"]
[EventDate "2025.07.18"]

1. e4 c5 2. Nf3 Nc6 3. g3 g6 4. Bg2 Bg7 5. O-O d6 6. c3 e5 7. d3 Nf6 8. a3 O-O
9. b4 b6 10. Nbd2 h6 11. Nb3 Be6 12. Re1 Rc8 13. Bb2 Re8 14. Rc1 Qd7 15. d4 exd4
16. cxd4 Bxb3 17. Qxb3 Nxe4 18. bxc5 bxc5 19. Nh4 Rb8 20. Qa2 Rxb2 21. Qxb2 Bxd4
22. Qc2 Nxf2 23. Rxe8+ Qxe8 24. Kf1 Ng4 25. Qe4 Nge5 26. Nf3 Qe6 27. Nxe5 Nxe5
28. Rc2 Kg7 29. Ke1 Qb3 30. Qe2 Qxa3 31. Bd5 Qa1+ 32. Kd2 Qa5+ 33. Kd1 Qb6 34.
Qe4 h5 35. h3 Qb5 36. Qe2 Qd7 37. Qg2 Qf5 38. Be4 Qg5 39. Bd5 Nd3 40. Be4 Nb4
41. Re2 Bf6 42. Bb1 Nd5 43. Ke1 Qc1+ 0-1

[Event "English Open 2025"]
[Site "Kenilworth ENG"]
[Date "2025.07.19"]
[Round "3.29"]
[White "Collins, Jonathan"]
[Black "Manley, Jon P"]
[Result "1-0"]
[WhiteElo "1869"]
[BlackElo "2096"]
[WhiteFideId "438456"]
[BlackFideId "403296"]
[EventDate "2025.07.18"]

1. e4 e5 2. Nf3 Nc6 3. Bc4 Bc5 4. c3 Nf6 5. d3 a6 6. a4 d6 7. O-O Ba7 8. Re1 O-O
9. Bg5 h6 10. Bh4 g5 11. Bg3 Nh7 12. Nbd2 Qf6 13. Nf1 Ne7 14. d4 Ng6 15. Ne3 c6
16. h3 h5 17. dxe5 dxe5 18. Qc2 h4 19. Bh2 Bxe3 20. Rxe3 g4 21. hxg4 Bxg4 22.
Ne1 b5 23. Be2 Bd7 24. Rf3 Qe7 25. Rd3 Nf6 26. Rad1 Be6 27. Rd6 Rfc8 28. Nf3 Nd7
29. Qd2 Nc5 30. Nxe5 Nxe4 31. Nxg6 fxg6 32. Qh6 Qf7 33. Qxh4 Nxd6 34. Rxd6 Re8
35. Be5 Qh7 36. Qf6 Bf7 37. f4 bxa4 38. Rd3 Re6 39. Qg5 Rxe5 40. fxe5 Qg7 41.
Bg4 Bd5 42. c4 Be4 43. Rd7 1-0